Anala-āẏati / (Record no. 62360)

MARC details
000 -LEADER
fixed length control field 00545nam a2200193 i 4500
001 - CONTROL NUMBER
control field sa 65001989
003 - CONTROL NUMBER IDENTIFIER
control field DLC
005 - DATE AND TIME OF LATEST TRANSACTION
control field 20260227112113.0
008 - FIXED-LENGTH DATA ELEMENTS--GENERAL INFORMATION
fixed length control field 850219s1964 ii b 00010 beno
010 ## - LIBRARY OF CONGRESS CONTROL NUMBER
LC control number sa 65001989 //r85
050 0# - LIBRARY OF CONGRESS CALL NUMBER
Classification number PK1718.R313
Item number A83
100 10 - MAIN ENTRY--PERSONAL NAME
Personal name Ray, Sushil,
Dates associated with a name 1915-
245 00 - TITLE STATEMENT
Title Anala-āẏati /
Statement of responsibility, etc. Suśīla Rāẏa.
260 0# - PUBLICATION, DISTRIBUTION, ETC.
Place of publication, distribution, etc. Kalikātā :
Name of publisher, distributor, etc. Esa. Si. Sarakāra,
Date of publication, distribution, etc. [1964]
300 ## - PHYSICAL DESCRIPTION
Extent 572 p. :
Other physical details map ;
Dimensions 23 cm.
500 ## - GENERAL NOTE
General note In Bengali.
500 ## - GENERAL NOTE
General note A novel.
500 ## - GENERAL NOTE
General note "Satīdāha-prathā niẏe baiṭi likhita."

No items available.

Powered by Koha